Biotechnology : (Record no. 25755)
[ view plain ]
| 000 -LEADER | |
|---|---|
| fixed length control field | 01076cam a22002895a 4500 |
| 001 - CONTROL NUMBER | |
| control field | ssib018824763 |
| 003 - CONTROL NUMBER IDENTIFIER | |
| control field | OSt |
| 005 - DATE AND TIME OF LATEST TRANSACTION | |
| control field | 20171220120345.0 |
| 008 - FIXED-LENGTH DATA ELEMENTS--GENERAL INFORMATION | |
| fixed length control field | 920730t1991 gw a frb 001 0 eng d |
| 020 ## - INTERNATIONAL STANDARD BOOK NUMBER | |
| International Standard Book Number | 9783527283149 (v. 4 : alk. paper) |
| 020 ## - INTERNATIONAL STANDARD BOOK NUMBER | |
| International Standard Book Number | 3527283145 (v. 4 : alk. paper) |
| 020 ## - INTERNATIONAL STANDARD BOOK NUMBER | |
| International Standard Book Number | 9781560811541 (v. 4 : alk. paper) |
| 020 ## - INTERNATIONAL STANDARD BOOK NUMBER | |
| International Standard Book Number | 1560811544 (v. 4 : alk. paper) |
| 040 ## - CATALOGING SOURCE | |
| Original cataloging agency | DNLM |
| Transcribing agency | DNLM |
| Modifying agency | DNLM |
| -- | WaSeSS |
| -- | EG-ScBUE |
| Language of cataloging | eng |
| 082 04 - DEWEY DECIMAL CLASSIFICATION NUMBER | |
| Edition number | 22 |
| Classification number | 660.6 |
| Item number | BIO |
| 245 00 - TITLE STATEMENT | |
| Title | Biotechnology : |
| Remainder of title | a multi-volume comprehensive treatise / |
| Statement of responsibility, etc | edited by H.-J. Rehm and G. Reed in cooperation with A. Pühler and P. Stadler. |
| 250 ## - EDITION STATEMENT | |
| Edition statement | 2nd, completely rev. ed. |
| 260 ## - PUBLICATION, DISTRIBUTION, ETC. (IMPRINT) | |
| Place of publication, distribution, etc | Weinheim : |
| Name of publisher, distributor, etc | VCH, |
| Date of publication, distribution, etc | c.1991. |
| 300 ## - PHYSICAL DESCRIPTION | |
| Extent | 1 v. : |
| Other physical details | ill. ; |
| Dimensions | 24 cm. |
| 504 ## - BIBLIOGRAPHY, ETC. NOTE | |
| Bibliography, etc | Includes bibliographical references and index. |
| 505 2# - FORMATTED CONTENTS NOTE | |
| Formatted contents note | v. 4. Measuring, modelling, and control / edited by K. Schüger. |
| 650 #7 - SUBJECT ADDED ENTRY--TOPICAL TERM | |
| Topical term or geographic name as entry element | Biotechnology. |
| Source of heading or term | BUEsh |
| 9 (RLIN) | 39645 |
| 653 ## - INDEX TERM--UNCONTROLLED | |
| Resource For college | Generalities |
| Arrived date list | December2017 |
| 700 1# - ADDED ENTRY--PERSONAL NAME | |
| Personal name | Rehm, Hans-Jürgen, |
| Relator term | editor. |
| 700 1# - ADDED ENTRY--PERSONAL NAME | |
| Personal name | Reed, Gerald, |
| Dates associated with a name | 1913-2008. |
| Relator term | editor. |
| 942 ## - ADDED ENTRY ELEMENTS (KOHA) | |
| Source of classification or shelving scheme | Dewey Decimal Classification |
| Withdrawn status | Item status | Source of classification or shelving scheme | Damaged status | Not for loan | Home library | Current library | Shelving location | Date acquired | Total Checkouts | Full call number | Barcode | Date last seen | Koha item type |
|---|---|---|---|---|---|---|---|---|---|---|---|---|---|
| Dewey Decimal Classification | Central Library | Central Library | First floor | 20/12/2017 | 660.6 BIO | 000046951 | 15/07/2025 | Book - Borrowing |